[Event "AUTO-OPEN-690"]
[Site "http://www.queenalice.com/game.php?id=222181"]
[Date "2007.6.7"]
[Round "1"]
[White "wakkow"]
[Black "Alejandrito"]
[Result "1-0"]
[WhiteElo "1814"]
[BlackElo "1733"]

1. e4 e5 2. Nf3 Nc6 3. Bc4 Nf6 4. Ng5 d5 5. exd5 Nxd5 6. d3 Be6 7. Nc3 h6 8.
Nxe6 fxe6 9. Qh5+ Kd7 10. Nxd5 exd5 11. Bxd5 Kc8 12. Be6+ Kb8 13. O-O Qf6 14.
Bh3 Nd4 15. Qe8+ Qd8 16. Qxd8# 1-0

[Event "AUTO-OPEN-690"]
[Site "http://www.queenalice.com/game.php?id=222194"]
[Date "2007.6.7"]
[Round "1"]
[White "Pagano"]
[Black "wakkow"]
[Result "0-1"]
[WhiteElo "2073"]
[BlackElo "1868"]

1. f4 Nf6 2. Nf3 Nc6 3. b3 d5 4. Bb2 Bf5 5. e3 Nb4 6. d3 e6 7. h3 Bc5 8. a3 Nc6
9. Qe2 Ne7 10. Nbd2 Nh5 11. Qf2 Bg6 12. g4 Nf6 13. b4 Bb6 14. c4 dxc4 15. dxc4
c5 16. g5 Nh5 17. Rd1 O-O 18. Be2 cxb4 19. axb4 Nf5 20. c5 Bc7 21. Ne4 Qe8 22.
Be5 Bxe5 23. Nxe5 Rd8 24. Nxg6 hxg6 25. Rg1 Qa4 26. Bxh5 gxh5 27. Rxd8 Rxd8 28.
Nd2 h4 29. e4 Ng3 30. Qe3 Qa1+ 31. Kf2 Qb2 32. Rd1 Qxb4 33. Ke1 Qb5 34. Rb1 Qa6
35. Kf2 Rxd2+ 0-1

[Event "AUTO-OPEN-690"]
[Site "http://www.queenalice.com/game.php?id=222195"]
[Date "2007.6.7"]
[Round "1"]
[White "wakkow"]
[Black "Pagano"]
[Result "0-1"]
[WhiteElo "1892"]
[BlackElo "2012"]

1. e4 a6 2. Nc3 b5 3. Nf3 Bb7 4. b4 e6 5. d4 Bxb4 6. Bd2 Bxc3 7. Bxc3 Bxe4 8.
Ne5 Nf6 9. f3 Bb7 10. Bb4 d6 11. Ng4 Nxg4 12. fxg4 Nd7 13. a4 bxa4 14. Rxa4 c5
15. dxc5 Nxc5 16. Bxc5 dxc5 17. h4 Qc7 18. Qd3 O-O 19. h5 Qe5+ 20. Qe2 Qxe2+ 21.
Bxe2 Bxg2 22. Rg1 Bd5 23. Rg3 Rfb8 24. Bf3 Bxf3 25. Rxf3 Rb4 26. Rxb4 cxb4 27.
Rb3 a5 28. Kd2 Kf8 29. c3 a4 30. Rxb4 a3 31. Rb1 a2 32. Ra1 Ke7 33. c4 Kd6 34.
Kc3 Kc5 35. Kb3 e5 36. Rxa2 Rxa2 37. Kxa2 Kxc4 38. Kb2 Kd3 39. Kc1 Ke2 40. Kc2
Kf2 41. Kd3 Kg3 42. g5 Kf3 43. Kd2 h6 44. gxh6 gxh6 45. Ke1 f5 46. Kf1 Kg3 47.
Ke2 f4 48. Kf1 e4 49. Ke2 e3 0-1

[Event "AUTO-ADV-1833"]
[Site "http://www.queenalice.com/game.php?id=803630"]
[Date "2010.7.15"]
[Round "1"]
[White "Blutigeroo"]
[Black "wakkow"]
[Result "1-0"]
[WhiteElo "1990"]
[BlackElo "1747"]

1. f4 d5 2. Nf3 Nc6 3. e3 Bg4 4. Be2 Nf6 5. O-O Ne4 6. d3 Bxf3 7. Bxf3 Nc5 8.
Bd2 e6 9. b4 Na4 10. c4 Nb2 11. Qc2 Nxc4 12. dxc4 dxc4 13. Qxc4 1-0

[Event "AUTO-ADV-1833"]
[Site "http://www.queenalice.com/game.php?id=803631"]
[Date "2010.7.15"]
[Round "1"]
[White "wakkow"]
[Black "Blutigeroo"]
[Result "0-1"]
[WhiteElo "1754"]
[BlackElo "1983"]

1. e4 c5 2. Nf3 Nc6 3. Na3 a6 4. d3 d6 5. c3 g6 6. Be2 Bg7 7. O-O Nf6 8. Bg5 O-O
9. Nc4 b5 10. Ne3 Nd7 11. Nd5 f6 12. Bf4 g5 0-1

[Event "AUTO-ADV-1833"]
[Site "http://www.queenalice.com/game.php?id=803642"]
[Date "2010.7.15"]
[Round "1"]
[White "wakkow"]
[Black "FOS2006"]
[Result "0-1"]
[WhiteElo "1770"]
[BlackElo "1767"]

1. e4 e5 2. Nf3 d6 3. Nc3 c6 4. d3 h6 5. d4 Nd7 6. dxe5 dxe5 7. b4 Bxb4 8. Bd2
Ngf6 9. Bc4 O-O 10. Rb1 Bxc3 0-1

[Event "AUTO-ADV-1833"]
[Site "http://www.queenalice.com/game.php?id=803643"]
[Date "2010.7.15"]
[Round "1"]
[White "FOS2006"]
[Black "wakkow"]
[Result "1-0"]
[WhiteElo "1750"]
[BlackElo "1787"]

1. e4 e5 2. Nf3 Nc6 3. c3 Bc5 4. Bb5 Nf6 5. Bxc6 dxc6 6. d3 Bg4 7. O-O O-O 8. h3
Bxf3 9. Qxf3 a5 10. Be3 Bxe3 11. Qxe3 1-0